|
|
|
|
| LEADER |
01096nam a22002897a 4500 |
| 001 |
33396 |
| 003 |
BD-DhAAL |
| 005 |
20180717152224.0 |
| 008 |
180717t1998 xxua|||| b||| 001 0 eng d |
| 999 |
|
|
|c 39818
|d 39818
|
| 020 |
|
|
|a 1886110484
|
| 020 |
|
|
|a 9780885011049
|
| 040 |
|
|
|a BD-DhAAL
|
| 082 |
|
|
|a 690.837
|2 21
|
| 100 |
|
|
|a Johnson, Bob
|9 27463
|
| 245 |
|
|
|a Houses are designed by geniuses and built by gorillas :
|b an insider's guide to designing and building a home /
|c Bob Johnson
|
| 260 |
|
|
|a Lenexa, KS :
|b Addax Pub. Group,
|c c1998
|
| 300 |
|
|
|a 240 pages :
|b illustrations ;
|c 28 cm
|
| 500 |
|
|
|a Includes index.
|
| 504 |
|
|
|6 Includes bibliographical references (page 239).
|
| 526 |
|
|
|a ARC
|
| 541 |
|
|
|e 33396
|
| 650 |
|
|
|a House construction
|x Amateurs' manuals
|9 27464
|
| 650 |
|
|
|a House construction
|9 27465
|
| 852 |
|
|
|a Department of Architecture
|c General Stacks
|
| 942 |
|
|
|2 ddc
|c BK
|
| 952 |
|
|
|0 0
|1 0
|2 ddc
|4 0
|6 690_837000000000000_JOH
|7 0
|9 63852
|a BRACUL
|b BRACUL
|c GEN
|d 2018-07-17
|l 0
|o 690.837 JOH
|p 3010033396
|r 2018-07-17
|t 1
|w 2018-07-17
|y BK
|x Transferred from ARC to BRACUL on 28/12/2023
|